00353nam a2200109Ia 4500008004100000100001500041245003000056260006900086300001100155650000900166856006800175160712s9999 xx 000 0 und d aAlma, Ria. cRia AlmaaUnang Orasyonal c2011bLikhaan: The Journal of Contemporary Philippine Literature avol. 5 xTULA uhttp://journals.upd.edu.ph/index.php/lik/issue/view/295/showToc